Division Rap Batte - Cyrilmp4 (Paroles) - Statistiques

Statistiques générales
  • Ce quiz a été pris 15 fois
  • Le résultat moyen est 435 sur 468
Statistiques - réponses
Chanteur Réponse % Correct
à
100%
a
100%
Au
100%
bien
100%
ça
100%
comme
100%
dans
100%
de
100%
des
100%
destruction
100%
Divi
100%
Refrain Division
100%
du
100%
En
100%
fin
100%
hyène
100%
hyènes
100%
Hyènes
100%
je
100%
la
100%
l'ai
100%
Laisse
100%
Le
100%
le
100%
les
100%
ma
100%
moi
100%
Moi
100%
mon
100%
Mon
100%
monde
100%
nation
100%
pas
100%
plus
100%
pour
100%
Quand
100%
quand
100%
que
100%
règles
100%
Si
100%
sur
100%
te
100%
t'es
100%
T'es
100%
ton
100%
Ton
100%
tous
100%
tu
100%
un
100%
unis
100%
va
100%
vie
100%
vient
100%
aguicheur
86%
Cyril Arrête
86%
autrement
86%
avancé
86%
avant
86%
baby
86%
balles
86%
bas
86%
Batte
86%
Cyril Bienvenue
86%
blanche
86%
bon
86%
bonne
86%
catin
86%
cercle
86%
c'est
86%
Amixem C'était
86%
c'était
86%
chaîne
86%
chez
86%
chienne
86%
classée
86%
compétences
86%
contre
86%
d'avoir
86%
d'eau
86%
Depuis
86%
devant
86%
devient
86%
Djadja
86%
Elle
86%
ennuyant
86%
entrée
86%
était
86%
faire
86%
fête
86%
Fianso
86%
finir
86%
flanches
86%
fond
86%
fusillade
86%
game
86%
grillé
86%
honte
86%
Icare
86%
innocent
86%
inutile
86%
jaguar
86%
j'ai
86%
jamais
86%
J'avais
86%
Joyca J'fais
86%
Laisse-moi
86%
lancer
86%
l'XP
86%
Mais
86%
mais
86%
maison
86%
mes
86%
mieux
86%
moyen
86%
nounours
86%
Jenny Oh
86%
on
86%
On
86%
oublie
86%
pandémie
86%
passer
86%
peinture
86%
PEL
86%
peur
86%
plaire
86%
pommade
86%
préhistoire
86%
prends
86%
président
86%
quoi
86%
raison
86%
Rejoins
86%
ridicule
86%
sac
86%
salaire
86%
scar
86%
science
86%
secrétaire
86%
serais
86%
seras
86%
steak
86%
style
86%
suis
86%
survis
86%
ta
86%
T'arrives
86%
T'as
86%
t'as
86%
T'auras
86%
tête
86%
titre
86%
toi
86%
trac
86%
Une
86%
une
86%
vaincre
86%
vas
86%
vaut
86%
verre
86%
vois
86%
vraiment
86%
Y'a
86%
ailes
71%
annuels
71%
bilans
71%
campeur
71%
CB
71%
ciel
71%
combat
71%
comptable
71%
crime
71%
Dark
71%
déclarée
71%
Demande
71%
drone
71%
d'un
71%
est
71%
excel
71%
feu
71%
foi
71%
inférieur
71%
J'faisais
71%
J'suis
71%
kimono
71%
L'anarchie
71%
loot
71%
lourd
71%
Mauvaise
71%
passes
71%
plein
71%
pleurnicher
71%
poids
71%
qui
71%
racine
71%
ramper
71%
range
71%
sauver
71%
tableaux
71%
tactique
71%
t'aider
71%
Le Grand JD T'aimerais
71%
temps
71%
t'entraîner
71%
toute
71%
trempée
71%
venant
71%
vite
71%
Washington
71%
Zone
71%
escouade
57%
skill
57%
Aucun quiz correspondant
Distribution des résultats
% des personnes avec chaque résultat
Percentile par nombre de réponses
Votre historique - résultats
Vous n’avez pas pris ce quiz